[Event "European Online Club-ch-D 2021"]
[Site "Online"]
[Date "2021.03.27"]
[Round "8.7"]
[White "Jones, Gawain C B"]
[Black "Hoffmann, Hendrik"]
[Result "1-0"]
[WhiteElo "2670"]
[BlackElo "2242"]
[Annotator "ChessBase"]
[PlyCount "153"]
[EventDate "2021.03.27"]
[EventType "team-tourn"]
[EventCountry "NET"]
[SourceTitle "playchess.com"]
[Source "ChessBase"]
[SourceQuality "1"]
[TimeControl "900+5"]

1. e4 {[%emt 0:00:00]} d6 {[%emt 0:00:05]} 2. d4 {[%emt 0:00:03]} Nf6 {[%emt 0:00:03]} 3. Nc3 {[%emt 0:00:01]} c6 {[%emt 0:00:05]} 4. f4 {[%emt 0:00:13]} Qa5 {[%emt 0:00:07]} 5. Bd3 {[%emt 0:00:36]} e5 {[%emt 0:00:08]} 6. Nf3 {[%emt 0:00:03]} Bg4 {[%emt 0:00:05]} 7. dxe5 {[%emt 0:01:49]} dxe5 {[%emt 0:00:08]} 8. h3 {[%emt 0:00:18]} Bxf3 {[%emt 0:00:20]} 9. Qxf3 {[%emt 0:00:03]} exf4 {[%emt 0:00:50]} 10. Bxf4 {[%emt 0:00:14]} Nbd7 {[%emt 0:00:03]} 11. O-O-O {[%emt 0:00:57]} Ne5 {[%emt 0:01:45]} 12. Bxe5 {[%emt 0:00:58]} Qxe5 {[%emt 0:00:06]} 13. Kb1 {[%emt 0:00:39]} Bb4 {[%emt 0:01:40]} 14. Ne2 {[%emt 0:00:04]} O-O {[%emt 0:00:14]} 15. g4 {[%emt 0:00:17]} a5 {[%emt 0:00:19]} 16. h4 {[%emt 0:00:46]} Nd7 {[%emt 0:00:43]} 17. c3 {[%emt 0:00:47]} Bc5 {[%emt 0:00:09]} 18. Bc2 {[%emt 0:00:10]} Qe7 {[%emt 0:00:12]} 19. e5 {[%emt 0:01:03]} Nxe5 {[%emt 0:00:12]} 20. Qe4 {[%emt 0:00:03]} Ng6 {[%emt 0:02:29]} 21. Qg2 {[%emt 0:00:06]} Rad8 {[%emt 0:00:19]} 22. Ng3 {[%emt 0:01:04]} Rxd1+ {[%emt 0:00:45]} 23. Rxd1 {[%emt 0:00:02]} Rd8 {[%emt 0:00:56]} 24. Rxd8+ {[%emt 0:00:38]} Qxd8 {[%emt 0:00:03]} 25. h5 {[%emt 0:00:04]} Qe7 {[%emt 0:00:47]} 26. Qd2 {[%emt 0:01:00]} Nf8 {[%emt 0:00:33]} 27. Nf5 {[%emt 0:00:14]} Qe5 {[%emt 0:00:05]} 28. a3 {[%emt 0:01:00]} g6 {[%emt 0:00:31]} 29. Nd4 {[%emt 0:01:37]} Bxd4 {[%emt 0:00:59]} 30. cxd4 {[%emt 0:00:00]} Qd6 {[%emt 0:00:02]} 31. Qxa5 {[%emt 0:00:42]} Qxd4 {[%emt 0:00:08]} 32. Qc7 {[%emt 0:00:14]} Qd7 {[%emt 0:01:10]} 33. Qb8 {[%emt 0:00:03]} h6 {[%emt 0:00:07]} 34. hxg6 {[%emt 0:00:30]} fxg6 {[%emt 0:00:03]} 35. Bb3+ {[%emt 0:00:05]} Kg7 {[%emt 0:00:09]} 36. Qe5+ {[%emt 0:00:02]} Kh7 {[%emt 0:00:06]} 37. a4 {[%emt 0:00:15]} Qg7 {[%emt 0:00:13]} 38. Qd6 {[%emt 0:00:21]} Nd7 {[%emt 0:00:12]} 39. g5 {[%emt 0:00:10]} hxg5 {[%emt 0:00:36]} 40. Qh2+ {[%emt 0:00:01]} Qh6 {[%emt 0:00:02]} 41. Qc7 {[%emt 0:00:02]} Qg7 {[%emt 0:00:03]} 42. Qxb7 {[%emt 0:00:35]} Nc5 {[%emt 0:00:06]} 43. Qb4 {[%emt 0:00:27]} Qe5 {[%emt 0:00:08]} 44. Bc2 {[%emt 0:00:06]} Kh6 {[%emt 0:00:35]} 45. a5 {[%emt 0:00:05]} Na6 {[%emt 0:00:05]} 46. Qf8+ {[%emt 0:00:09]} Kh5 {[%emt 0:00:03]} 47. Qf3+ {[%emt 0:00:12]} g4 {[%emt 0:00:06]} 48. Qh1+ {[%emt 0:00:05]} Kg5 {[%emt 0:00:04]} 49. Qc1+ {[%emt 0:00:04]} Qf4 {[%emt 0:00:02]} 50. Qe1 {[%emt 0:00:05]} Nb4 {[%emt 0:00:12]} 51. Qe7+ {[%emt 0:00:03]} Kh5 {[%emt 0:00:05]} 52. Qh7+ {[%emt 0:00:01]} Kg5 {[%emt 0:00:01]} 53. Qxg6+ {[%emt 0:00:01]} Kh4 {[%emt 0:00:02]} 54. Qh7+ {[%emt 0:00:01]} Kg3 {[%emt 0:00:02]} 55. Bd1 {[%emt 0:00:09]} Qe5 {[%emt 0:00:14]} 56. a6 {[%emt 0:00:08]} Qa5 {[%emt 0:00:08]} 57. a7 {[%emt 0:00:05]} Qa2+ {[%emt 0:00:06]} 58. Kc1 {[%emt 0:00:01]} Qa1+ {[%emt 0:00:03]} 59. Kd2 {[%emt 0:00:01]} Qxb2+ {[%emt 0:00:02]} 60. Bc2 {[%emt 0:00:06]} Qd4+ {[%emt 0:00:06]} 61. Bd3 {[%emt 0:00:04]} Qb2+ {[%emt 0:00:03]} 62. Bc2 {[%emt 0:00:13]} Qd4+ {[%emt 0:00:03]} 63. Ke2 {[%emt 0:00:12]} Qf2+ {[%emt 0:00:11]} 64. Kd1 {[%emt 0:00:01]} Qd4+ {[%emt 0:00:03]} 65. Bd3 {[%emt 0:00:06]} Qa1+ {[%emt 0:00:07]} 66. Ke2 {[%emt 0:00:04]} Qb2+ {[%emt 0:00:02]} 67. Bc2 {[%emt 0:00:04]} Nxc2 {[%emt 0:00:13]} 68. Qd3+ {[%emt 0:00:11]} Kh4 {[%emt 0:00:10]} 69. a8=Q {[%emt 0:00:03]} Nb4+ {[%emt 0:00:02]} 70. Qd2 {[%emt 0:00:01]} Qe5+ {[%emt 0:00:03]} 71. Kd1 {[%emt 0:00:01]} Nd5 {[%emt 0:00:07]} 72. Qa3 {[%emt 0:00:10]} Nf4 {[%emt 0:00:04]} 73. Qac3 {[%emt 0:00:06]} Qe8 {[%emt 0:00:05]} 74. Qf6+ {[%emt 0:00:05]} Kg3 {[%emt 0:00:03]} 75. Qdxf4+ {[%emt 0:00:02]} Kg2 {[%emt 0:00:02]} 76. Qf2+ {[%emt 0:00:03]} Kh1 {[%emt 0:00:03]} 77. Q6h4# {[%emt 0:00:01]} 1-0

[Event "European Online Club-ch-D 2021"]
[Site "Online"]
[Date "2021.03.27"]
[Round "8.8"]
[White "Kelmendi, Bajrush"]
[Black "Cheparinov, Ivan"]
[Result "0-1"]
[WhiteElo "1951"]
[BlackElo "2667"]
[Annotator "ChessBase"]
[PlyCount "96"]
[EventDate "2021.03.27"]
[EventType "team-tourn"]
[EventCountry "NET"]
[SourceTitle "playchess.com"]
[Source "ChessBase"]
[SourceQuality "1"]
[TimeControl "900+5"]

1. c4 {[%emt 0:00:00]} c5 {[%emt 0:00:04]} 2. Nc3 {[%emt 0:00:03]} Nc6 {[%emt 0:00:01]} 3. e4 {[%emt 0:00:04]} g6 {[%emt 0:00:05]} 4. d3 {[%emt 0:00:02]} Bg7 {[%emt 0:00:01]} 5. Be2 {[%emt 0:00:02]} d6 {[%emt 0:00:12]} 6. g4 {[%emt 0:00:03]} Nd4 {[%emt 0:00:20]} 7. h4 {[%emt 0:00:03]} h5 {[%emt 0:00:27]} 8. g5 {[%emt 0:00:02]} e6 {[%emt 0:00:07]} 9. f4 {[%emt 0:00:03]} Ne7 {[%emt 0:00:05]} 10. Nf3 {[%emt 0:00:02]} Nec6 {[%emt 0:00:12]} 11. Be3 {[%emt 0:00:03]} b6 {[%emt 0:00:06]} 12. Qd2 {[%emt 0:00:18]} Rb8 {[%emt 0:00:12]} 13. a4 {[%emt 0:00:03]} a6 {[%emt 0:00:03]} 14. Bd1 {[%emt 0:00:04]} O-O {[%emt 0:00:06]} 15. Bxd4 {[%emt 0:00:12]} Nxd4 {[%emt 0:00:10]} 16. Nxd4 {[%emt 0:00:02]} Bxd4 {[%emt 0:00:06]} 17. Ne2 {[%emt 0:00:02]} Bg7 {[%emt 0:00:01]} 18. Rb1 {[%emt 0:00:05]} b5 {[%emt 0:00:03]} 19. axb5 {[%emt 0:00:06]} axb5 {[%emt 0:00:01]} 20. b3 {[%emt 0:00:12]} bxc4 {[%emt 0:00:30]} 21. dxc4 {[%emt 0:00:02]} Bb7 {[%emt 0:00:03]} 22. Bc2 {[%emt 0:00:07]} d5 {[%emt 0:00:09]} 23. cxd5 {[%emt 0:00:02]} exd5 {[%emt 0:00:01]} 24. e5 {[%emt 0:00:01]} d4 {[%emt 0:00:08]} 25. O-O {[%emt 0:00:08]} Qd5 {[%emt 0:00:26]} 26. Ng3 {[%emt 0:00:04]} d3 {[%emt 0:00:21]} 27. Bxd3 {[%emt 0:00:07]} Ba6 {[%emt 0:00:49]} 28. Rbd1 {[%emt 0:00:10]} Rfd8 {[%emt 0:01:25]} 29. Bxa6 {[%emt 0:00:05]} Qxd2 {[%emt 0:00:02]} 30. Rxd2 {[%emt 0:00:02]} Rxd2 {[%emt 0:00:01]} 31. Bc4 {[%emt 0:00:02]} Rbd8 {[%emt 0:01:05]} 32. Rf2 {[%emt 0:00:08]} Bf8 {[%emt 0:00:15]} 33. Rxd2 {[%emt 0:00:04]} Rxd2 {[%emt 0:00:03]} 34. Ne4 {[%emt 0:00:01]} Rd4 {[%emt 0:00:14]} 35. Nf6+ {[%emt 0:00:02]} Kg7 {[%emt 0:00:01]} 36. Ne8+ {[%emt 0:00:02]} Kh8 {[%emt 0:00:03]} 37. Bxf7 {[%emt 0:00:03]} Rxf4 {[%emt 0:00:01]} 38. Bxg6 {[%emt 0:00:02]} Rxh4 {[%emt 0:00:06]} 39. Nf6 {[%emt 0:00:02]} Rh3 {[%emt 0:00:05]} 40. Bf7 {[%emt 0:00:08]} Rg3+ {[%emt 0:00:07]} 41. Kf2 {[%emt 0:00:08]} Rxg5 {[%emt 0:00:08]} 42. Nd7 {[%emt 0:00:06]} Rf5+ {[%emt 0:00:04]} 43. Ke3 {[%emt 0:00:03]} Rxf7 {[%emt 0:00:01]} 44. e6 {[%emt 0:00:01]} Rxd7 {[%emt 0:00:03]} 45. exd7 {[%emt 0:00:02]} Be7 {[%emt 0:00:01]} 46. Ke4 {[%emt 0:00:02]} h4 {[%emt 0:00:02]} 47. Kf4 {[%emt 0:00:02]} Kg7 {[%emt 0:00:02]} 48. Kg4 {[%emt 0:00:01]} Kf7 {[%emt 0:00:01]} 0-1

[Event "European Online Club-ch-D 2021"]
[Site "Online"]
[Date "2021.03.27"]
[Round "8.10"]
[White "Nandhidhaa, P V"]
[Black "Lagarde, Maxime"]
[Result "0-1"]
[WhiteElo "2365"]
[BlackElo "2640"]
[Annotator "ChessBase"]
[PlyCount "46"]
[EventDate "2021.03.27"]
[EventType "team-tourn"]
[EventCountry "NET"]
[SourceTitle "playchess.com"]
[Source "ChessBase"]
[SourceQuality "1"]
[TimeControl "900+5"]

1. e4 {[%emt 0:00:00]} c5 {[%emt 0:00:05]} 2. Nf3 {[%emt 0:00:03]} e6 {[%emt 0:00:01]} 3. d4 {[%emt 0:00:05]} cxd4 {[%emt 0:00:00]} 4. Nxd4 {[%emt 0:00:02]} Nf6 {[%emt 0:00:01]} 5. Nc3 {[%emt 0:00:12]} Nc6 {[%emt 0:00:02]} 6. Nxc6 {[%emt 0:01:04]} bxc6 {[%emt 0:00:00]} 7. e5 {[%emt 0:01:22]} Nd5 {[%emt 0:00:03]} 8. Ne4 {[%emt 0:01:16]} Qc7 {[%emt 0:00:04]} 9. f4 {[%emt 0:00:33]} Qb6 {[%emt 0:00:20]} 10. Qe2 {[%emt 0:01:45]} f5 {[%emt 0:03:29]} 11. exf6 {[%emt 0:00:29]} Nxf6 {[%emt 0:00:03]} 12. Nxf6+ {[%emt 0:00:37]} gxf6 {[%emt 0:00:00]} 13. Qh5+ {[%emt 0:01:08]} Kd8 {[%emt 0:00:04]} 14. Bd2 {[%emt 0:00:48]} Qxb2 {[%emt 0:01:37]} 15. Ba5+ {[%emt 0:00:08]} Ke7 {[%emt 0:00:03]} 16. Rd1 {[%emt 0:00:11]} d5 {[%emt 0:01:36]} 17. Be2 {[%emt 0:01:37]} Qxc2 {[%emt 0:02:38]} 18. Bb4+ {[%emt 0:00:35]} Kd8 {[%emt 0:00:56]} 19. Bxf8 {[%emt 0:01:15]} Rxf8 {[%emt 0:00:00]} 20. Qh6 {[%emt 0:00:55]} Ke7 {[%emt 0:00:20]} 21. Bh5 {[%emt 0:01:45]} Qxg2 {[%emt 0:00:11]} 22. Qxh7+ {[%emt 0:00:03]} Kd6 {[%emt 0:00:02]} 23. Rf1 {[%emt 0:00:14]} Ba6 {[%emt 0:00:03]} 0-1

[Event "European Online Club-ch-D 2021"]
[Site "Online"]
[Date "2021.03.27"]
[Round "8.11"]
[White "Maurizzi, Marc Andria"]
[Black "Dauletova, Gulmira"]
[Result "1-0"]
[WhiteElo "2461"]
[BlackElo "2285"]
[Annotator "ChessBase"]
[PlyCount "93"]
[EventDate "2021.03.27"]
[EventType "team-tourn"]
[EventCountry "NET"]
[SourceTitle "playchess.com"]
[Source "ChessBase"]
[SourceQuality "1"]
[TimeControl "900+5"]

1. e4 {[%emt 0:00:00]} e5 {[%emt 0:00:04]} 2. Nf3 {[%emt 0:00:13]} Nc6 {[%emt 0:00:02]} 3. Bb5 {[%emt 0:00:05]} a6 {[%emt 0:00:04]} 4. Ba4 {[%emt 0:00:03]} Nf6 {[%emt 0:00:03]} 5. Nc3 {[%emt 0:00:05]} b5 {[%emt 0:00:52]} 6. Bb3 {[%emt 0:00:03]} Be7 {[%emt 0:00:02]} 7. a4 {[%emt 0:00:34]} b4 {[%emt 0:00:12]} 8. Nd5 {[%emt 0:00:01]} O-O {[%emt 0:02:14]} 9. Nxf6+ {[%emt 0:00:09]} Bxf6 {[%emt 0:00:02]} 10. Bd5 {[%emt 0:00:00]} Bb7 {[%emt 0:00:05]} 11. d3 {[%emt 0:00:03]} Na5 {[%emt 0:00:18]} 12. Bxb7 {[%emt 0:00:06]} Nxb7 {[%emt 0:00:01]} 13. b3 {[%emt 0:00:03]} c5 {[%emt 0:00:09]} 14. Bb2 {[%emt 0:00:11]} Re8 {[%emt 0:00:04]} 15. Qe2 {[%emt 0:00:02]} d5 {[%emt 0:00:10]} 16. O-O-O {[%emt 0:00:01]} Na5 {[%emt 0:00:31]} 17. Kb1 {[%emt 0:00:34]} Nc6 {[%emt 0:00:05]} 18. g4 {[%emt 0:00:46]} Nd4 {[%emt 0:00:37]} 19. Qe3 {[%emt 0:00:04]} Nxf3 {[%emt 0:05:22]} 20. Qxf3 {[%emt 0:00:00]} d4 {[%emt 0:00:02]} 21. Rdg1 {[%emt 0:01:39]} Re6 {[%emt 0:00:26]} 22. Qf5 {[%emt 0:02:09]} Bg5 {[%emt 0:00:58]} 23. h4 {[%emt 0:00:12]} Bf4 {[%emt 0:00:52]} 24. g5 {[%emt 0:00:04]} Rb8 {[%emt 0:01:26]} 25. h5 {[%emt 0:00:30]} Qe8 {[%emt 0:00:08]} 26. Rh4 {[%emt 0:00:39]} Bd2 {[%emt 0:00:23]} 27. Rd1 {[%emt 0:01:14]} Bf4 {[%emt 0:00:27]} 28. Rg1 {[%emt 0:00:12]} Bd2 {[%emt 0:00:03]} 29. Rhg4 {[%emt 0:00:36]} Rbb6 {[%emt 0:00:08]} 30. Bc1 {[%emt 0:00:19]} Bxc1 {[%emt 0:00:04]} 31. Kxc1 {[%emt 0:00:00]} Rbc6 {[%emt 0:00:26]} 32. R1g3 {[%emt 0:00:28]} Rc7 {[%emt 0:00:09]} 33. Rh4 {[%emt 0:01:05]} Rcc6 {[%emt 0:00:04]} 34. f4 {[%emt 0:00:11]} exf4 {[%emt 0:00:21]} 35. Rxf4 {[%emt 0:00:03]} Re5 {[%emt 0:00:07]} 36. Qg4 {[%emt 0:00:04]} Rce6 {[%emt 0:00:11]} 37. Rgf3 {[%emt 0:00:04]} Re7 {[%emt 0:00:03]} 38. Rf5 {[%emt 0:00:21]} Qb8 {[%emt 0:00:38]} 39. h6 {[%emt 0:00:14]} g6 {[%emt 0:00:15]} 40. Rf6 {[%emt 0:00:03]} R5e6 {[%emt 0:00:04]} 41. Rxf7 {[%emt 0:00:01]} Rxe4 {[%emt 0:00:08]} 42. Rf8+ {[%emt 0:00:09]} Qxf8 {[%emt 0:00:03]} 43. Rxf8+ {[%emt 0:00:00]} Kxf8 {[%emt 0:00:02]} 44. dxe4 {[%emt 0:00:01]} Kf7 {[%emt 0:00:09]} 45. Kd2 {[%emt 0:00:04]} Re5 {[%emt 0:00:03]} 46. Qf4+ {[%emt 0:00:02]} Ke6 {[%emt 0:00:02]} 47. Qf6+ {[%emt 0:00:02]} 1-0

[Event "European Online Club-ch-D 2021"]
[Site "Online"]
[Date "2021.03.27"]
[Round "8.12"]
[White "Muminova, Nafisa"]
[Black "Guliyev, Namig"]
[Result "0-1"]
[WhiteElo "2274"]
[BlackElo "2538"]
[Annotator "ChessBase"]
[PlyCount "84"]
[EventDate "2021.03.27"]
[EventType "team-tourn"]
[EventCountry "NET"]
[SourceTitle "playchess.com"]
[Source "ChessBase"]
[SourceQuality "1"]
[TimeControl "900+5"]

1. d4 {[%emt 0:00:00]} d5 {[%emt 0:00:02]} 2. Nc3 {[%emt 0:00:03]} Nf6 {[%emt 0:00:20]} 3. Bf4 {[%emt 0:00:03]} a6 {[%emt 0:00:01]} 4. e3 {[%emt 0:00:15]} b5 {[%emt 0:00:10]} 5. Nf3 {[%emt 0:00:08]} Bb7 {[%emt 0:00:23]} 6. Ne5 {[%emt 0:00:04]} e6 {[%emt 0:00:08]} 7. g4 {[%emt 0:00:06]} Bb4 {[%emt 0:00:32]} 8. Bg2 {[%emt 0:00:41]} Ne4 {[%emt 0:00:17]} 9. O-O {[%emt 0:00:15]} Nxc3 {[%emt 0:00:13]} 10. bxc3 {[%emt 0:00:02]} Bxc3 {[%emt 0:00:02]} 11. Rb1 {[%emt 0:00:02]} Nd7 {[%emt 0:00:03]} 12. g5 {[%emt 0:00:28]} Nxe5 {[%emt 0:00:18]} 13. dxe5 {[%emt 0:00:02]} c5 {[%emt 0:00:10]} 14. Qg4 {[%emt 0:00:54]} Qc7 {[%emt 0:00:10]} 15. Qg3 {[%emt 0:00:05]} O-O {[%emt 0:00:06]} 16. Rfd1 {[%emt 0:00:38]} b4 {[%emt 0:00:07]} 17. h4 {[%emt 0:00:28]} Rad8 {[%emt 0:00:14]} 18. h5 {[%emt 0:00:03]} d4 {[%emt 0:00:04]} 19. e4 {[%emt 0:00:13]} c4 {[%emt 0:00:10]} 20. h6 {[%emt 0:00:34]} g6 {[%emt 0:00:03]} 21. Qf3 {[%emt 0:00:21]} a5 {[%emt 0:00:06]} 22. Bg3 {[%emt 0:00:07]} Qe7 {[%emt 0:00:04]} 23. Qf4 {[%emt 0:00:58]} Rd7 {[%emt 0:00:07]} 24. Bf1 {[%emt 0:00:07]} Ba6 {[%emt 0:00:10]} 25. f3 {[%emt 0:00:33]} d3 {[%emt 0:00:17]} 26. cxd3 {[%emt 0:00:03]} cxd3 {[%emt 0:00:01]} 27. Kh2 {[%emt 0:00:06]} Bc4 {[%emt 0:00:12]} 28. Rbc1 {[%emt 0:00:12]} d2 {[%emt 0:00:21]} 29. Bxc4 {[%emt 0:00:14]} dxc1=Q {[%emt 0:00:03]} 30. Qxc1 {[%emt 0:00:05]} Rxd1 {[%emt 0:00:07]} 31. Qxd1 {[%emt 0:00:05]} Qxg5 {[%emt 0:00:01]} 32. f4 {[%emt 0:00:12]} Rd8 {[%emt 0:00:10]} 33. Qf3 {[%emt 0:00:27]} Qxh6+ {[%emt 0:00:03]} 34. Kg1 {[%emt 0:00:07]} Qf8 {[%emt 0:00:03]} 35. Bf2 {[%emt 0:01:08]} Bd4 {[%emt 0:00:07]} 36. f5 {[%emt 0:00:17]} gxf5 {[%emt 0:00:16]} 37. exf5 {[%emt 0:00:08]} Bxf2+ {[%emt 0:00:02]} 38. Qxf2 {[%emt 0:00:17]} Qg7+ {[%emt 0:00:01]} 39. Kf1 {[%emt 0:01:31]} Rd1+ {[%emt 0:00:05]} 40. Ke2 {[%emt 0:00:06]} Qg4+ {[%emt 0:00:02]} 41. Ke3 {[%emt 0:00:12]} exf5 {[%emt 0:00:40]} 42. e6 {[%emt 0:00:42]} Qe4# {[%emt 0:00:03]} 0-1

[Event "European Online Club-ch-D 2021"]
[Site "Online"]
[Date "2021.03.27"]
[Round "8.13"]
[White "Lupulescu, Constantin"]
[Black "Roubalik, Jakub"]
[Result "1-0"]
[WhiteElo "2656"]
[BlackElo "2391"]
[Annotator "ChessBase"]
[PlyCount "143"]
[EventDate "2021.03.27"]
[EventType "team-tourn"]
[EventCountry "NET"]
[SourceTitle "playchess.com"]
[Source "ChessBase"]
[SourceQuality "1"]
[TimeControl "900+5"]

1. Nf3 {[%emt 0:00:00]} d5 {[%emt 0:00:07]} 2. e3 {[%emt 0:00:04]} Nf6 {[%emt 0:00:05]} 3. c4 {[%emt 0:00:02]} e6 {[%emt 0:00:08]} 4. b3 {[%emt 0:00:01]} Be7 {[%emt 0:00:27]} 5. Bb2 {[%emt 0:00:03]} a5 {[%emt 0:00:07]} 6. Nc3 {[%emt 0:00:09]} c6 {[%emt 0:00:15]} 7. d4 {[%emt 0:00:14]} O-O {[%emt 0:01:48]} 8. Bd3 {[%emt 0:00:04]} c5 {[%emt 0:00:18]} 9. cxd5 {[%emt 0:01:05]} exd5 {[%emt 0:00:05]} 10. O-O {[%emt 0:00:36]} Bg4 {[%emt 0:00:27]} 11. dxc5 {[%emt 0:00:10]} Bxc5 {[%emt 0:00:13]} 12. Rc1 {[%emt 0:00:27]} Be7 {[%emt 0:02:04]} 13. h3 {[%emt 0:00:31]} Bh5 {[%emt 0:00:04]} 14. Be2 {[%emt 0:00:14]} Nc6 {[%emt 0:00:06]} 15. Nd4 {[%emt 0:02:19]} Bxe2 {[%emt 0:00:06]} 16. Ncxe2 {[%emt 0:00:25]} Qd7 {[%emt 0:00:06]} 17. Ng3 {[%emt 0:01:08]} Nxd4 {[%emt 0:03:18]} 18. Qxd4 {[%emt 0:00:00]} Rfc8 {[%emt 0:00:15]} 19. Qf4 {[%emt 0:01:21]} Qe6 {[%emt 0:03:04]} 20. Nf5 {[%emt 0:00:16]} Bd8 {[%emt 0:00:04]} 21. Rfd1 {[%emt 0:02:31]} g6 {[%emt 0:00:05]} 22. Nh6+ {[%emt 0:01:25]} Kg7 {[%emt 0:01:04]} 23. Ng4 {[%emt 0:00:16]} h5 {[%emt 0:00:03]} 24. Nxf6 {[%emt 0:00:51]} Bxf6 {[%emt 0:00:02]} 25. Bxf6+ {[%emt 0:00:14]} Qxf6 {[%emt 0:00:02]} 26. Qxf6+ {[%emt 0:00:02]} Kxf6 {[%emt 0:00:01]} 27. Rxc8 {[%emt 0:00:01]} Rxc8 {[%emt 0:00:01]} 28. Rxd5 {[%emt 0:00:01]} Rc1+ {[%emt 0:00:42]} 29. Kh2 {[%emt 0:00:02]} a4 {[%emt 0:00:43]} 30. Ra5 {[%emt 0:00:32]} Rc2 {[%emt 0:01:07]} 31. Rxa4 {[%emt 0:00:18]} Rxf2 {[%emt 0:00:03]} 32. Kg3 {[%emt 0:00:01]} Rb2 {[%emt 0:00:04]} 33. h4 {[%emt 0:00:04]} Ke6 {[%emt 0:00:14]} 34. Kf3 {[%emt 0:00:03]} Kd6 {[%emt 0:00:07]} 35. Rf4 {[%emt 0:00:05]} Ke6 {[%emt 0:00:04]} 36. Ra4 {[%emt 0:00:05]} Kd6 {[%emt 0:00:04]} 37. Ra8 {[%emt 0:00:02]} b5 {[%emt 0:00:08]} 38. g3 {[%emt 0:00:02]} Rb1 {[%emt 0:00:07]} 39. Ra7 {[%emt 0:00:08]} Ke6 {[%emt 0:00:02]} 40. Ra5 {[%emt 0:00:08]} Rb2 {[%emt 0:00:05]} 41. Ke4 {[%emt 0:00:05]} Rg2 {[%emt 0:00:06]} 42. Ra6+ {[%emt 0:00:17]} Ke7 {[%emt 0:00:05]} 43. Kf3 {[%emt 0:00:00]} Rb2 {[%emt 0:00:02]} 44. e4 {[%emt 0:00:05]} Rc2 {[%emt 0:00:08]} 45. b4 {[%emt 0:00:13]} Rc4 {[%emt 0:00:08]} 46. a3 {[%emt 0:00:03]} Kd7 {[%emt 0:00:07]} 47. Kf4 {[%emt 0:00:04]} Ke7 {[%emt 0:00:09]} 48. Ke5 {[%emt 0:00:05]} Rc3 {[%emt 0:00:02]} 49. Ra7+ {[%emt 0:00:02]} Kf8 {[%emt 0:00:02]} 50. Kf4 {[%emt 0:00:10]} Ke8 {[%emt 0:00:04]} 51. e5 {[%emt 0:00:14]} Kf8 {[%emt 0:00:09]} 52. e6 {[%emt 0:00:54]} fxe6 {[%emt 0:00:02]} 53. Ke5 {[%emt 0:00:02]} Rxg3 {[%emt 0:00:18]} 54. Kf6 {[%emt 0:00:02]} Ke8 {[%emt 0:00:04]} 55. Kxe6 {[%emt 0:00:02]} Kd8 {[%emt 0:00:01]} 56. Ra5 {[%emt 0:00:12]} Rg4 {[%emt 0:00:04]} 57. Rxb5 {[%emt 0:00:08]} Rxh4 {[%emt 0:00:03]} 58. a4 {[%emt 0:00:24]} Re4+ {[%emt 0:00:03]} 59. Kd6 {[%emt 0:00:07]} Rd4+ {[%emt 0:00:06]} 60. Kc5 {[%emt 0:00:05]} Rg4 {[%emt 0:00:08]} 61. Kd6 {[%emt 0:00:14]} Rd4+ {[%emt 0:00:04]} 62. Ke5 {[%emt 0:00:05]} Rd1 {[%emt 0:00:10]} 63. a5 {[%emt 0:00:10]} h4 {[%emt 0:00:02]} 64. a6 {[%emt 0:00:07]} Kc7 {[%emt 0:00:07]} 65. Rb7+ {[%emt 0:00:04]} Kc8 {[%emt 0:00:05]} 66. b5 {[%emt 0:00:09]} h3 {[%emt 0:00:02]} 67. Rh7 {[%emt 0:00:02]} Rb1 {[%emt 0:00:08]} 68. Kd6 {[%emt 0:00:03]} Rd1+ {[%emt 0:00:06]} 69. Kc6 {[%emt 0:00:02]} Rc1+ {[%emt 0:00:01]} 70. Kb6 {[%emt 0:00:01]} Rc3 {[%emt 0:00:03]} 71. a7 {[%emt 0:00:03]} Ra3 {[%emt 0:00:02]} 72. Rxh3 {[%emt 0:00:02]} 1-0

[Event "European Online Club-ch-D 2021"]
[Site "Online"]
[Date "2021.03.27"]
[Round "8.14"]
[White "Vymazal, Bronislav"]
[Black "Parligras, Mircea-Emilian"]
[Result "1/2-1/2"]
[WhiteElo "2350"]
[BlackElo "2591"]
[Annotator "ChessBase"]
[PlyCount "83"]
[EventDate "2021.03.27"]
[EventType "team-tourn"]
[EventCountry "NET"]
[SourceTitle "playchess.com"]
[Source "ChessBase"]
[SourceQuality "1"]
[TimeControl "900+5"]

1. e4 {[%emt 0:00:00]} e5 {[%emt 0:00:04]} 2. Nf3 {[%emt 0:00:03]} Nc6 {[%emt 0:00:02]} 3. Bb5 {[%emt 0:00:01]} Nf6 {[%emt 0:00:03]} 4. d3 {[%emt 0:00:11]} Bc5 {[%emt 0:00:05]} 5. Bxc6 {[%emt 0:00:20]} dxc6 {[%emt 0:00:05]} 6. Nbd2 {[%emt 0:00:03]} Be6 {[%emt 0:00:38]} 7. Qe2 {[%emt 0:00:12]} Nd7 {[%emt 0:00:21]} 8. Nc4 {[%emt 0:00:33]} f6 {[%emt 0:00:38]} 9. Be3 {[%emt 0:02:51]} Qe7 {[%emt 0:00:59]} 10. O-O {[%emt 0:00:54]} O-O {[%emt 0:01:02]} 11. d4 {[%emt 0:00:18]} exd4 {[%emt 0:00:08]} 12. Nxd4 {[%emt 0:00:02]} Bxd4 {[%emt 0:00:35]} 13. Bxd4 {[%emt 0:00:04]} Qb4 {[%emt 0:01:20]} 14. b3 {[%emt 0:00:31]} c5 {[%emt 0:02:29]} 15. Be3 {[%emt 0:01:57]} Bxc4 {[%emt 0:00:04]} 16. Qxc4+ {[%emt 0:00:36]} Qxc4 {[%emt 0:00:03]} 17. bxc4 {[%emt 0:00:00]} Rae8 {[%emt 0:01:09]} 18. Rad1 {[%emt 0:00:19]} Rf7 {[%emt 0:00:03]} 19. Rd5 {[%emt 0:03:38]} c6 {[%emt 0:00:59]} 20. Rd3 {[%emt 0:00:42]} Rxe4 {[%emt 0:00:13]} 21. Rfd1 {[%emt 0:00:03]} Ree7 {[%emt 0:00:08]} 22. Ra3 {[%emt 0:00:33]} a6 {[%emt 0:00:37]} 23. Rb1 {[%emt 0:00:10]} Ne5 {[%emt 0:00:20]} 24. Bxc5 {[%emt 0:00:08]} Re8 {[%emt 0:00:37]} 25. Rc3 {[%emt 0:00:25]} Rd7 {[%emt 0:00:11]} 26. h3 {[%emt 0:00:15]} Kf7 {[%emt 0:00:26]} 27. Be3 {[%emt 0:00:08]} b5 {[%emt 0:00:31]} 28. cxb5 {[%emt 0:00:07]} axb5 {[%emt 0:00:13]} 29. Rc5 {[%emt 0:00:55]} Ra8 {[%emt 0:00:44]} 30. Bf4 {[%emt 0:00:12]} Ng6 {[%emt 0:00:03]} 31. Be3 {[%emt 0:00:26]} Ne7 {[%emt 0:00:07]} 32. Rb2 {[%emt 0:00:24]} Rd1+ {[%emt 0:00:10]} 33. Kh2 {[%emt 0:00:02]} Ra1 {[%emt 0:00:02]} 34. c4 {[%emt 0:00:04]} bxc4 {[%emt 0:00:22]} 35. Rb7 {[%emt 0:00:03]} R1xa2 {[%emt 0:01:04]} 36. Rxc6 {[%emt 0:00:05]} Rb2 {[%emt 0:00:31]} 37. Rd7 {[%emt 0:00:13]} Rd8 {[%emt 0:00:07]} 38. Ra7 {[%emt 0:00:11]} Ra2 {[%emt 0:00:21]} 39. Rb7 {[%emt 0:00:09]} Rb2 {[%emt 0:00:03]} 40. Ra7 {[%emt 0:00:04]} Ra2 {[%emt 0:00:01]} 41. Rb7 {[%emt 0:00:12]} Rb2 {[%emt 0:00:02]} 42. Ra7 {[%emt 0:00:03]} 1/2-1/2